书目信息 |
| 题名: |
有色金属及黑色金属世界产销概况
|
|
| 作者: | ;中国五金矿产进出口总公司 编 | |
| 分册: | ||
| 出版信息: | 北京 中国财政经济出版社 1982 |
|
| 页数: | 200页 | |
| 开本: | 19cm | |
| 丛书名: | ||
| 单 册: | ||
| 中图分类: | F764.2 | |
| 科图分类: | ||
| 主题词: | 有色金属-工业产品--销售--概况--世界 , 工业产品-有色金属--销售--概况--世界 , 商品学 | |
| 电子资源: | ||
| ISBN: | ||
| 000 | 00848nam0 2200265 45 | |
| 001 | 0182003401 | |
| 005 | 20040429165013.7 | |
| 010 | @dCNY0.60 | |
| 091 | @a4166.364 | |
| 100 | @a19950525d1982 em y0chiy0121 ea | |
| 101 | 0 | @achi |
| 102 | @aCN@b110000 | |
| 105 | @ay z 000yy | |
| 106 | @ar | |
| 200 | 10 | @a有色金属及黑色金属世界产销概况@Ayou se jin shu ji hei se jin shu shi jie chan xiao gai kuang@f中国五金矿产进出口总公司编 |
| 210 | @a北京@c中国财政经济出版社@d1982 | |
| 215 | @a200页@d19cm | |
| 606 | @a有色金属-工业产品@x销售@x概况@y世界 | |
| 606 | @a工业产品-有色金属@x销售@x概况@y世界 | |
| 606 | 0 | @a商品学 |
| 690 | @aF764.2 | |
| 711 | 02 | @a中国五金矿产进出口总公司@Azhong guo wu jin kuang chan jin chu kou zong gong si@4编 |
| 801 | 0 | @aCN@b上海图书馆@c20040429 |
| 801 | 2 | @aCN@bNLC@c20040429 |
| 905 | @f1@b156552@dF764.2@e7 | |
| 有色金属及黑色金属世界产销概况/中国五金矿产进出口总公司编.-北京:中国财政经济出版社,1982 |
| 200页;19cm |
| ISBN :CNY0.60 |
| ● |
| 相关链接 |
|
|
|
|
正题名:有色金属及黑色金属世界产销概况
索取号:F764.2/7
 
预约/预借
| 序号 | 登录号 | 条形码 | 馆藏地/架位号 | 状态 | 备注 |
| 1 | 0156552 | 000489741 | 第一借阅区/ [索取号:F764.2/7] | 在馆 | |
| 2 | 0156553 | 000494520 | 第一样本阅览室/ [索取号:F764.2/7] | 在馆 |